Les plus grands pays commençant par la lettre N - Statistiques

Statistiques générales
  • Ce quiz a été pris 22 fois
  • Le résultat moyen est 4 sur 5
Statistiques - réponses
Superficie (km²) Position dans le monde
en termes de superficie
Pays % Correct
824 116 34 Namibie
86%
1 267 000 22 Niger
86%
923 768 32 Nigeria
86%
268 107 65 Nouvelle-Zélande
82%
385 207 62 Norvège
77%
Aucun quiz correspondant
Distribution des résultats
% des personnes avec chaque résultat
Percentile par nombre de réponses
Votre historique - résultats
Vous n’avez pas pris ce quiz